UEFA - Euro U21 - Dernier carré - Statistiques

Statistiques générales
  • Ce quiz a été pris 30 fois
  • Le résultat moyen est 101 sur 112
Statistiques - réponses
% Correct
1978 | 1980 | 1982 | +8 others Angleterre
100%
1984 | 1986 | 1994 | +9 others Espagne
100%
1988 | 1994 | 1996 | +4 others France
100%
1984 | 1986 | 1990 | +9 others Italie
100%
1994 | 2004 | 2015 | 2021 Portugal
100%
2009 | 2015 | 2017 | +3 others Allemagne
95%
1982 Allemagne de l'Ouest
95%
2007 Belgique
95%
1974 Pologne
95%
1972 | 1988 | 1998 Grèce
91%
2000 | 2002 | 2011 République Tchèque
91%
1990 | 1992 | 2004 | +2 others Suède
91%
2002 | 2011 Suisse
91%
2006 | 2023 Ukraine
91%
1976 | 1988 | 1998 | +5 others Pays-Bas
86%
2004 | 2006 Serbie-et-Monténégro
86%
2000 Slovaquie
86%
1992 | 2015 Danemark
82%
1982 | 1992 | 1996 Écosse
82%
1974 | 1976 | 1986 Hongrie
82%
1998 | 2013 Norvège
82%
2007 Serbie
82%
1972 | 1974 | 1976 | +3 others Union soviétique
82%
1976 | 1978 | 1980 | +2 others Yougoslavie
82%
1972 | 1978 Bulgarie
73%
2019 Roumanie
73%
2023 Israël
64%
1972 Tchécoslovaquie
64%
1974 | 1978 | 1980 Allemagne de l'Est
59%
2011 Biélorussie
45%
Aucun quiz correspondant
Distribution des résultats
% des personnes avec chaque résultat
Percentile par nombre de réponses
Votre historique - résultats
Vous n’avez pas pris ce quiz